男人必学的魔术 (Record no. 63828)

000 -LEADER
fixed length control field 00509nam a22001937a 4500
003 - CONTROL NUMBER IDENTIFIER
control field MPLRDC
005 - DATE AND TIME OF LATEST TRANSACTION
control field 20220104190528.0
008 - FIXED-LENGTH DATA ELEMENTS--GENERAL INFORMATION
fixed length control field 210129b ||||| |||| 00| 0 eng d
020 ## - INTERNATIONAL STANDARD BOOK NUMBER
International Standard Book Number 978-986-185-198-3
082 ## - DEWEY DECIMAL CLASSIFICATION NUMBER
Classification number 991.96 LQ
100 ## - MAIN ENTRY--PERSONAL NAME
Personal name 刘谦
245 ## - TITLE STATEMENT
Title 男人必学的魔术
Statement of responsibility, etc.
250 ## - EDITION STATEMENT
Edition statement 初版
260 ## - PUBLICATION, DISTRIBUTION, ETC.
Place of publication, distribution, etc. 台湾
Name of publisher, distributor, etc. 英属维京群岛商高宝国际有限公司台湾分公司
Date of publication, distribution, etc. 2008
300 ## - PHYSICAL DESCRIPTION
Other physical details
490 ## - SERIES STATEMENT
Series statement 新视野 NEW WINDOW: 65
650 ## - SUBJECT ADDED ENTRY--TOPICAL TERM
Topical term or geographic name entry element 魔术
942 ## - ADDED ENTRY ELEMENTS (KOHA)
Koha item type Book
-- 991.96 LQ
Holdings
Withdrawn status Lost status Source of classification or shelving scheme Damaged status Not for loan Collection code Home library Current library Shelving location Date acquired Cost, normal purchase price Total Checkouts Full call number Barcode Date last seen Date last checked out Price effective from Koha item type Public note
            Malaysian Public Library, Research and Development Centre Malaysian Public Library, Research and Development Centre   17/06/2011 35.75   991.96 LQ 00057970 18/03/2021 23/12/2014 18/03/2021 Book mplrdc

© 2022. Malaysian Public Library, Research and Development Centre. All Right ReservedE-mailmplrdc@help.edu.my 

Powered by Koha